000 00425nam a2200181Ia 4500
008 230524s9999 xx 000 0 und d
020 _a818501583X
082 _a530
_bFEY
100 _aR.P.Feynman
245 4 _aThe Feynman Lectures on Physics Vol-2
250 _a2ND
260 _aNEW DELHI
_bNarosa
_c2003
300 _a1396
500 _aQuantity Number: 4
650 _aPhysics
700 _a?et.al
942 _cBK
999 _c25612
_d25612